| 000 | 01457nam a22003015a 4500 | ||
|---|---|---|---|
| 003 | OSt | ||
| 005 | 20170409150149.0 | ||
| 008 | 170304s2015 ua frb 000 0 ara d | ||
| 015 | _a2014 / 23684 | ||
| 020 | _a9789776442214 | ||
| 040 |
_aEG-ScBUE _bara _cEG-ScBUE |
||
| 082 | 0 | 4 |
_a345.052 _bش ي ح _222 |
| 100 | 1 | _aشيحا، زياد إبراهيم. | |
| 245 | 1 | 2 |
_aالإنابة القضائية الدولية في المسائل الجنائية ونطاق العلاقات الخاصة الدولية / _cزياد إبراهيم شيحا. |
| 246 | 3 | 3 |
_aLa commission rogatoire internationale : _bC. R. I. |
| 260 |
_aالإسكندرية : _bدار الفتح للطباعة والنشر، _c2015 _e(القاهرة : _fتوزيع دار النهضة العربية ؛ _eالإسكندرية : _fمنشأة المعارف) |
||
| 300 |
_a498 ص. ؛ _c24 سم. |
||
| 500 | _aيشتمل على ملاحق باللغة الفرنسية. | ||
| 504 | _aيشتمل على إرجاعات ببليوجرافية. | ||
| 630 | 0 | 7 |
_aاتفاقية الإنابات والإعلانات القضائية _d(1953) _2BUEsh |
| 650 | 7 |
_aالإنابة القضائية (قانون دولي) _2BUEsh |
|
| 650 | 7 |
_aالتعاون الدولي. _2BUEsh _915471 |
|
| 650 | 7 |
_aالقانون الدولي الخاص. _2BUEsh |
|
| 650 | 7 |
_aالقانون الدولي الجنائي. _2BUEsh |
|
| 651 | _2BUEsh | ||
| 653 |
_bLLAAWW _cMarch2017 _cApril2017 |
||
| 942 | _2ddc | ||
| 999 |
_c24305 _d24277 |
||